Körper und Verkörperung: biblische Anthropologie im Kontext antiker Medizin und Philosophie : ein Quellenbuch für die Septuaginta und das Neue Testament
Frontmatter -- Inhalt -- Editionen und Abkürzungen medizinischer Werke -- Kapitel I: Einführung -- Kapitel II: Antike Medizin und Philosophie. Eine Einführung -- Kapitel III: Autoren antiker Medizin und ihr Werk. Eine Einführung -- Kapitel IV: Ψυχή - Leben, Lebenskraft, Seele, Kehle, Schlund, Lebewe...
MARC
| LEADER | 00000cam a2200000 c 4500 | ||
|---|---|---|---|
| 001 | 1669321320 | ||
| 003 | DE-627 | ||
| 005 | 20260220143546.0 | ||
| 007 | cr uuu---uuuuu | ||
| 008 | 190717s2019 gw |||||o 00| ||ger c | ||
| 020 | |a 9783110608670 |q PDF | ||
| 020 | |a 9783110607994 |q EPUB | ||
| 024 | 7 | |a 10.1515/9783110608670 |2 doi | |
| 035 | |a (DE-627)1669321320 | ||
| 035 | |a (DE-599)KXP1669321320 | ||
| 035 | |a (DE-627-1)046715495 | ||
| 035 | |a (DE-B1597)497629 | ||
| 040 | |a DE-627 |b ger |c DE-627 |e rda | ||
| 041 | |a ger | ||
| 044 | |c XA-DE-BE |c XD-US | ||
| 050 | 0 | |a BS661 | |
| 072 | 7 | |a REL006100 |2 bisacsh | |
| 072 | 7 | |a HIS 002000 |2 bisacsh | |
| 072 | 7 | |a REL 006090 |2 bisacsh | |
| 072 | 7 | |a REL 006100 |2 bisacsh | |
| 072 | 7 | |a REL 040030 |2 bisacsh | |
| 082 | 0 | |a 220.861 |q SEPA | |
| 082 | 0 | |a 220.8 |q SEPA | |
| 082 | 0 | 4 | |a 230 |q DE-101 |
| 084 | |a 1 |2 ssgn | ||
| 084 | |a BC 8130 |q SEPA |2 rvk |0 (DE-625)rvk/9710: | ||
| 084 | |a BC 8140 |q SEPA |2 rvk |0 (DE-625)rvk/9712: | ||
| 084 | |a BE 2215 |q SEPA |2 rvk |0 (DE-625)rvk/10493: | ||
| 084 | |a BE 2440 |q SEPA |2 rvk |0 (DE-625)rvk/10517: | ||
| 084 | |a 11.44 |2 bkl | ||
| 084 | |a 11.40 |2 bkl | ||
| 084 | |a 11.61 |2 bkl | ||
| 084 | |a 11.69 |2 bkl | ||
| 245 | 0 | 0 | |a Körper und Verkörperung |b biblische Anthropologie im Kontext antiker Medizin und Philosophie : ein Quellenbuch für die Septuaginta und das Neue Testament |c herausgegeben von Annette Weissenrieder und Katrin Dolle |
| 264 | 1 | |a Berlin |a Boston |b De Gruyter |c [2019] | |
| 264 | 4 | |c © 2019 | |
| 300 | |a 1 Online-Ressource (XXIII, 1205 Seiten) | ||
| 336 | |a Text |b txt |2 rdacontent | ||
| 337 | |a Computermedien |b c |2 rdamedia | ||
| 338 | |a Online-Ressource |b cr |2 rdacarrier | ||
| 490 | 1 | |a Fontes et subsidia ad Bibliam pertinentes |v Band 8 | |
| 506 | 1 | |a Restricted Access |e Controlled Vocabulary for Access Rights |u http://purl.org/coar/access_right/c_16ec |f online access with authorization |2 star | |
| 520 | |a Frontmatter -- Inhalt -- Editionen und Abkürzungen medizinischer Werke -- Kapitel I: Einführung -- Kapitel II: Antike Medizin und Philosophie. Eine Einführung -- Kapitel III: Autoren antiker Medizin und ihr Werk. Eine Einführung -- Kapitel IV: Ψυχή - Leben, Lebenskraft, Seele, Kehle, Schlund, Lebewesen, Verlangen -- Kapitel V: Νοῦς, διάνοια, φρόνησις, αἴσθησις, ἀνάμνησις, ἐπιστήμη - Denken, Verstand, (weisheitliche) Erkenntnis, Wahrnehmung, Wiedererinnerung, Wissen -- Kapitel VI: ὁ ἔσω - ἔξω ἄνθρωπος - der Mensch innen und außen -- Kapitel VII: Φύσις - Natur, Beschaffenheit/Eigenschaft, wirkungsvolle Kraft, Naturordnung -- Kapitel VIII: Γυνή - ἀνήρ Frau - Mann, εὐνοῦχος - Eunuch, Kastrat, Entmannter -- Kapitel IX: Πνεῦμα - Wind, Luft, Atem, Geist -- Kapitel X: Δύναμις - Kraft, wirkmächtige Substanz, Vermögen, Macht -- Kapitel XI: Αἷμα - Blut -- Kapitel XII: Καρδία - Herz, Körpermitte -- Kapitel XIII: Σάρξ - Fleisch, fleischliche Körperteile, Körpergewebe, Schamteile, Mensch, Fleischnahrung -- Kapitel XIV: Σῶμα - Leichnam, Sklave, Leib, Körper, Organismus -- Kapitel XV: Bibliographie -- Register -- Wortregister -- Altes Testament -- Septuaginta (LXX) -- Jüdische Schriften aus hellenistisch-römischer Zeit -- Neues Testament -- Werke antiker Autoren -- Antike Autoren -- Autorenregister -- Stichwortverzeichnis | ||
| 520 | |a Inwiefern bilden medizinische und philosophische Erkenntnisse der Antike eine Grundlage zum Verständnis neutestamentlicher Anthropologie? Annette Weissenrieder und Katrin Dolle eröffnen mit ihrem Quellenbuch Körper und Verkörperung. Biblische Anthropologie im Kontext antiker Medizin und Philosophie. Ein Quellenbuch für die Septuaginta und das Neue Testament neue Zugänge zur biblischen Anthropologie indem sie die grundlegenden anthropologischen Termini wie "Körper", "Seele" oder "Verstand" anhand medizinisch-naturphilosophischer Quellentexte beleuchten. Daneben werden auch Begriffe wie "Blut", "Mann/ Frau" oder "Natur" eingehend besprochen. Die neu übersetzten Quellentexte werden durch einleitende Bemerkungen zu philologischen, medizinischen und philosophischen Fragen vorgestellt. Einleitende Fragen und weiterführende Forschungsanregungen zum Neuen Testament und der Septuaginta komplementieren jedes Kapitel. Eine ausführliche Einleitung in medizinische und naturphilosophische Fragen und weiterführende Besprechungen medizinischer Quellentexte sollen zum eigenen Forschen anregen | ||
| 520 | |a To which degree was ancient medical and philosophical knowledge incorporated in New Testament texts? Focusing on the crossroads of the Greek Bible, ancient medicine and philosophy, Annette Weissenrieder and Katrin Dolle are focusing on the anthropology related terms like "soul", "body" or "mind," but also going beyond in integrating terms like "female/male," "blood" or "nature." They are trying to emphasize and highlight are the structures of meaning for key anthropological terms, taking ancient medical philosophical concepts into consideration in order to more clearly make out the distinctions between various terms from a natural philosophical perspective. The source-texts are presented with a fresh translation and with introductory remarks on philological, medical and philosophical questions | ||
| 546 | |a In German | ||
| 583 | 1 | |a Archivierung/Langzeitarchivierung gewährleistet |f SSG |x XA-DE-BW |2 pdager |5 DE-21 | |
| 601 | |a Anthropologie | ||
| 601 | |a Kontext | ||
| 601 | |a Septuaginta | ||
| 601 | |a Testament | ||
| 650 | 0 | |a Theological anthropology--Biblical teaching | |
| 650 | 0 | |a Medicine, Ancient--Terminology | |
| 650 | 0 | |a Medicine--Religious aspects--Christianity | |
| 650 | 0 | |a Greek language, Biblical--Vocabulary | |
| 650 | 0 | |a Theological Anthropology |x Biblical teaching | |
| 650 | 0 | |a Philosophical Anthropology | |
| 650 | 0 | |a Philosophy, Ancient | |
| 650 | 0 | |a Medicine, Ancient |x Terminology | |
| 650 | 0 | |a Medicine |x Religious aspects |x Christianity | |
| 650 | 0 | |a Greek language, Biblical |x Vocabulary | |
| 650 | 0 | |a Medical anthropology | |
| 650 | 4 | |a Ancient Medicine | |
| 650 | 4 | |a Biblical Anthropology | |
| 650 | 4 | |a Septuagint | |
| 650 | 4 | |a New Testament | |
| 650 | 4 | |a Ancient Medicine | |
| 650 | 4 | |a Biblical Anthropology | |
| 650 | 4 | |a Septuagint | |
| 650 | 4 | |a New Testament | |
| 650 | 4 | |a RELIGION / Biblical Criticism & Interpretation / New Testament | |
| 650 | 4 | |a Antike Medizin | |
| 650 | 4 | |a Naturphilosophie | |
| 650 | 4 | |a Septuaginta | |
| 650 | 4 | |a Neues Testament | |
| 650 | 4 | |a RELIGION / Biblical Criticism & Interpretation / Old Testament | |
| 650 | 4 | |a Biblische Anthopologie | |
| 650 | 4 | |a Religion / Judaism / History | |
| 650 | 4 | |a HISTORY / Ancient / General | |
| 652 | |a HA |b DDCoderRVK | ||
| 655 | 7 | |a Quelle |0 (DE-588)4135952-5 |0 (DE-627)105661236 |0 (DE-576)209665084 |2 gnd-content | |
| 689 | 0 | 0 | |d s |0 (DE-588)4068754-5 |0 (DE-627)106105086 |0 (DE-576)209174544 |2 gnd |a Antike |
| 689 | 0 | 1 | |d s |0 (DE-588)4059766-0 |0 (DE-627)106142321 |0 (DE-576)209132183 |2 gnd |a Theologische Anthropologie |
| 689 | 0 | 2 | |d s |0 (DE-588)4038243-6 |0 (DE-627)104584963 |0 (DE-576)209029218 |2 gnd |a Medizin |
| 689 | 0 | 3 | |d s |0 (DE-588)4045791-6 |0 (DE-627)106200259 |0 (DE-576)209066873 |2 gnd |a Philosophie |
| 689 | 0 | 4 | |d s |0 (DE-588)4049716-1 |0 (DE-627)104675152 |0 (DE-576)209083182 |2 gnd |a Rezeption |
| 689 | 0 | 5 | |d u |0 (DE-588)4054582-9 |0 (DE-627)106162071 |0 (DE-576)209109483 |a Bibel |2 gnd |p Altes Testament |g Septuaginta |
| 689 | 0 | 5 | |d u |0 (DE-588)4041771-2 |0 (DE-627)106217658 |0 (DE-576)209046724 |a Bibel |2 gnd |p Neues Testament |
| 689 | 0 | 5 | |d s |0 (DE-588)4059766-0 |0 (DE-627)106142321 |0 (DE-576)209132183 |2 gnd |a Theologische Anthropologie |
| 689 | 0 | |5 DE-101 | |
| 700 | 1 | |e HerausgeberIn |0 (DE-588)12488363X |0 (DE-627)367432145 |0 (DE-576)18408847X |4 edt |a Weissenrieder, Annette |d 1967- | |
| 700 | 1 | |e HerausgeberIn |0 (DE-588)1212961455 |0 (DE-627)1703090756 |4 edt |a Dolle, Katrin | |
| 710 | 2 | |e Verlag |0 (DE-588)10095502-2 |0 (DE-627)478082134 |0 (DE-576)200141279 |4 pbl |a Walter de Gruyter GmbH & Co. KG | |
| 776 | 1 | |z 9783110607949 | |
| 776 | 0 | 8 | |i Erscheint auch als |n Druck-Ausgabe |t Körper und Verkörperung |d Berlin : De Gruyter, 2019 |h XXIII, 1205 Seiten |w (DE-627)1041877692 |z 3110607948 |z 9783110607949 |k Non-Electronic |
| 787 | 0 | 8 | |i Rezensiert in |a Thom, Johan C., 1954 - |t [Rezension von: Körper und Verkörperung : biblische Anthropologie im Kontext antiker Medizin und Philosophie : ein Quellenbuch für die Septuaginta und das Neue Testament] |d 2025 |w (DE-627)1919476644 |
| 830 | 0 | |a Fontes et subsidia ad Bibliam pertinentes |v Band 8 |9 8 |w (DE-627)1669604012 |w (DE-600)2978979-5 |7 am | |
| 856 | 4 | 0 | |u https://doi.org/10.1515/9783110608670 |m X:GRUY |x Resolving-System |z lizenzpflichtig |3 Volltext |7 1 |
| 856 | 4 | 0 | |u https://www.degruyterbrill.com/isbn/9783110608670 |m X:GRUY |x Verlag |z lizenzpflichtig |7 1 |
| 856 | 4 | 2 | |u https://www.degruyterbrill.com/doc/cover/9783110608670.jpg |m X:GRUY |x Verlag |3 Cover |7 1 |
| 856 | 4 | 2 | |u https://www.degruyterbrill.com/cover/covers/9783110608670.jpg |m X:GRUY |x Verlag |3 Cover |7 1 |
| 856 | 4 | 2 | |u https://www.degruyterbrill.com/document/cover/isbn/9783110608670/original |m X:GRUY |x Verlag |3 Cover |7 1 |
| 912 | |a ZDB-23-23 | ||
| 912 | |a BSZ-23-DGG-L1UB |b 2020 | ||
| 912 | |a EBA-CL-CL | ||
| 912 | |a EBA-CL-PLTLJSIS | ||
| 912 | |a EBA-DGALL | ||
| 912 | |a EBA-EBKALL | ||
| 912 | |a EBA-SSHALL | ||
| 912 | |a GBV-23-DGG-HSU | ||
| 912 | |a GBV-deGruyter-alles | ||
| 912 | |a ZDB-23-DGF |b 2019 | ||
| 912 | |a ZDB-23-DGG |b 2019 | ||
| 912 | |a EBA-BACKALL | ||
| 912 | |a BSZ-23-DGG-Sachsen |b 2020 | ||
| 912 | |a BSZ-23-EBA-C1UB | ||
| 912 | |a EBA-SSHALL2 | ||
| 912 | |a EBA-EBKALL2 | ||
| 912 | |a EBA-EXCL | ||
| 912 | |a ZDB-23-23 |b 2019 | ||
| 912 | |a ZDB-23-90 |b 2015-2020 | ||
| 935 | |a BIIN | ||
| 936 | r | v | |a BC 8130 |b Quellen |k Theologie und Religionswissenschaften |k Bibelwissenschaft |k Die orientalische Umwelt der Bibel |k Gesamter Biblischer Orient |k Kultur(geschichte), Alltag, Soziales, Recht |k Quellen |0 (DE-627)1270713388 |0 (DE-625)rvk/9710: |0 (DE-576)200713388 |
| 936 | r | v | |a BC 8140 |b Gesamtdarstellungen |k Theologie und Religionswissenschaften |k Bibelwissenschaft |k Die orientalische Umwelt der Bibel |k Gesamter Biblischer Orient |k Kultur(geschichte), Alltag, Soziales, Recht |k Darstellungen |k Gesamtdarstellungen |0 (DE-627)1270713396 |0 (DE-625)rvk/9712: |0 (DE-576)200713396 |
| 936 | r | v | |a BE 2215 |b Religion und Medizin, Heillung, Gesundheit |k Theologie und Religionswissenschaften |k Religionswissenschaft |k Systematische Religionswissenschaft |k Religion und verschiedene Lebensbereiche |k Religion und Medizin, Heillung, Gesundheit |0 (DE-627)1273428900 |0 (DE-625)rvk/10493: |0 (DE-576)203428900 |
| 936 | r | v | |a BE 2440 |b Anthropologische Vorstellungen |k Theologie und Religionswissenschaften |k Religionswissenschaft |k Systematische Religionswissenschaft |k Religionsphänomenologie |k Schöpfungsvorstellungen, Kosmogonie, Anthropologie |k Anthropologische Vorstellungen |0 (DE-627)1270674153 |0 (DE-625)rvk/10517: |0 (DE-576)200674153 |
| 936 | b | k | |a 11.44 |j Neues Testament |0 (DE-627)106404326 |
| 936 | b | k | |a 11.40 |j Exegese |j Hermeneutik |x Altes Testament |0 (DE-627)106413260 |
| 936 | b | k | |a 11.61 |j Dogmatik |j Konfessionskunde |0 (DE-627)106403850 |
| 936 | b | k | |a 11.69 |j Systematische Theologie: Sonstiges |0 (DE-627)106419706 |
| 951 | |a BO | ||
| BIB | |a 1 | ||
| ELC | |a 1 | ||
| ITA | |a 1 |t 1 | ||
| LOK | |0 000 xxxxxcx a22 zn 4500 | ||
| LOK | |0 001 350919747X | ||
| LOK | |0 003 DE-627 | ||
| LOK | |0 004 1669321320 | ||
| LOK | |0 005 20190829145515 | ||
| LOK | |0 008 190828||||||||||||||||ger||||||| | ||
| LOK | |0 040 |a DE-21 |c DE-627 |d DE-21 | ||
| LOK | |0 092 |o k |p p | ||
| LOK | |0 852 |a DE-21 | ||
| LOK | |0 852 1 |9 00 | ||
| LOK | |0 85640 |u https://doi.org/10.1515/9783110608670 |z Zugang für die Universität Tübingen | ||
| LOK | |0 935 |a ebok |a theo | ||
| LOK | |0 936ln |a t2.3 | ||
| LOK | |0 936ln |a t5.1 | ||
| LOK | |0 938 |a 1908 |f 2 | ||
| LOK | |0 939 |a 28-08-19 |b l01 | ||
| LOK | |0 000 xxxxxcx a22 zn 4500 | ||
| LOK | |0 001 4686116015 | ||
| LOK | |0 003 DE-627 | ||
| LOK | |0 004 1669321320 | ||
| LOK | |0 005 20250311130540 | ||
| LOK | |0 008 250311||||||||||||||||ger||||||| | ||
| LOK | |0 040 |a DE-Tue135-1 |c DE-627 |d DE-Tue135-1 | ||
| LOK | |0 852 |a DE-Tue135-1 | ||
| LOK | |0 852 1 |m p |9 00 | ||
| LOK | |0 935 |a inmo | ||
| LOK | |0 938 |k p | ||
| LOK | |0 939 |a 11-03-25 |b l01 | ||
| ORI | |a TA-MARC-ixtheoa001.raw | ||
| REF | |a Antikenrezeption,Biblische Anthropologie,Medizinische Anthropologie,Medizinphilosophie | ||
| REL | |a 1 | ||
| STA | 0 | 0 | |a Classical antiquity,Classical antiquity,Antiquity,Civilization, Greco-Roman,Civilization, Classical, in art,Civilization, Greco-Roman, in literature,Civilization, Ancient, in literature,Medicine,Medicine,Medical science,Medicine in literature,Natural philosophy,Philosophy of nature,Philosophy,Philosophy in literature,Reception,Reception,Impact,Afterlife,Theological anthropology,Anthropology |
| STB | 0 | 0 | |a Anthropologie théologique,Antiquité,Antiquité,Médecine,Médecine,Philosophie de la nature,Philosophie,Philosophie,Réception <scientifique>,Réception <scientifique>,Influence intellectuelle,Influence intellectuelle,Influence intellectuelle (motif),Influence intellectuelle |
| STC | 0 | 0 | |a Antigüedad,Antigüedad,Antropología teológica,Filosofía de la naturaleza,Filosofía,Filosofía,Medicina,Medicina,Recepción,Recepción |
| STD | 0 | 0 | |a Antichità classica,Antichità classica,Antropologia teologica,Filosofia della natura,Filosofia,Filosofia,Medicina,Medicina,Ricezione,Ricezione |
| STE | 0 | 0 | |a 医学,医疗科学,古典时代,古典时代,古典时期,古典时期,哲学,接受,接收,神学人论,自然哲学 |
| STF | 0 | 0 | |a 古典時代,古典時代,古典時期,古典時期,哲學,接受,接收,神學人論,自然哲學,醫學,醫療科學 |
| STG | 0 | 0 | |a Antiguidade,Antiguidade,Antropologia teológica,Filosofia da natureza,Filosofia,Filosofia,Medicina,Medicina,Recepção,Recepção |
| STH | 0 | 0 | |a Античность (мотив),Античность,Богословская антропология,Восприятие (мотив),Восприятие,Медицина (мотив),Медицина,Философия (мотив),Философия,Философия природы |
| STI | 0 | 0 | |a Αποδοχή (μοτίβο),Αποδοχή,Αρχαιότητα (μοτίβο),Αρχαιότητα,Θεολογική ανθρωπολογία,Ιατρική (μοτίβο),Ιατρική,Φιλοσοφία (μοτίβο),Φιλοσοφία,Φιλοσοφία της φύσης |
| SUB | |a BIB |a REL | ||
| SYE | 0 | 0 | |a Natur,Physiologia , Septuaginta,Göttinger Septuaginta |
| SYG | 0 | 0 | |a Klassisches Altertum , Anthropologie,Christliche Anthropologie,Theologie , Medical sciences,Biomedicine,Clinical biochemistry,Heilkunst,Medicine,Medizinische Forschung,Naturmedizin,Humanmedizin,Heilkunst , Philosophy,Philosophieren , Fortwirken,Nachwirkung,Nachleben,Wirkungsgeschichte,Aneignung , Hebrew Bible, critical edition,HBCE,Oxford Hebrew Bible,Biblia Hebraica quinta,BHQ,Biblia Hebraica,Biblia Hebraica,Hebräische Bibel,Masoretentext,Massoretentext,Masoretischer Text,Septuaginta,Septuagint,Altes Testament,Tenach,Testamentum vetus,Vetus testamentum,Erstes Testament,L'Ancien Testament,The Old Testament,Jüdische Bibel,Tanach,Tanakh,Tenakh,Miqra,al-ʿAhd al-ʿatīq,Torah neviʾim ketuvim,Torah neviʾim u-ketuvim,Sefer Torah neviʾim ketuvim,Tôrā nĕvîʾîm û-ḵtûvîm,Die Israelitische Bibel,The Hebrew Bible,Kyûyaku Seisho,Tèstamènt bieu,Antiguo Testamento,Nnom Elat,Bible,O.T.,Bible,Old Testament,תנ"ך,תנך , Centenary translation of the New Testament,Bibel,Neues Testament,Septembertestament,Das Newe Testament Deutzsch,Bibel,Septembertestament,Bibel,Die Botschaft Gottes,Greek New Testament,Greek New Testament,The Greek New Testament,GNT,Neues Testament,Novum Testamentum,Testamentum novum,Nor Ktakaran,Novijat Zavet,Novyj Zapovit,Das Neue Testament,Le Nouveau Testament,Il Nouv Testamaint,The New Testament,Nuevo Testamento,Novʹy Zákon,Novi Javjet,Novo Testamento,Novyj Zavet,Nowy Testament,Nowý Zákon,U`j Szövetség,U`j Testamentom,Die Heilige Schrift des Neuen Testaments,Det Ny Testamente,Det Nya Testamentet,Il Nuovo Testamento,Ds Nöie Teschtamänt,Hab-berit ha-ḥadaša,Sifrê hab-berit ha-ḥadaša,Niev Testament,Novum Testamentum Graece,The Greek New Testament,Novum Testamentum Graece et Latine,E Kainē diathēkē,al- ʿAhd al-ǧadīd li rabbinā wa muḫalliṣinā Yasūʿa ăl-masīḥ,al- ʿAhd al-ǧadīd,S@nöie Teschdamänt,Se Wsi Testamenti,Tèstamènt nobo,Mkpaman Elat,Bible,N.T.,Uus Testament , Anthropologie,Christliche Anthropologie,Theologie |
| TIM | |a 099992000101_100005001231 |b Antike v800-500 | ||



